| 000 | 01809cam a2200337 a 4500 | ||
|---|---|---|---|
| 001 | 11816811 | ||
| 003 | ARRUPE | ||
| 005 | 20150828091849.0 | ||
| 008 | 991021r20001956mou b s001 0 eng | ||
| 010 | _a 99053537 | ||
| 020 | _a0826212832 (v. 2 : alk. paper) | ||
| 020 | _a0826212611 (v. 5 : alk. paper) | ||
| 040 |
_aDLC _cDLC _dDLC |
||
| 050 | 0 | 0 |
_aB3354 _b.V88 1989 vol. 14, etc. _aCB19 |
| 082 | 0 | 0 |
_a193 s _a901 _221 |
| 100 | 1 |
_aVoegelin, Eric, _d1901-1985. _919096 |
|
| 245 | 1 | 0 | _aOrder and history. |
| 260 |
_aColumbia : _bUniversity of Missouri Press, _cc2000- |
||
| 300 |
_a5 v. ; _c24 cm. |
||
| 490 | 1 |
_aThe collected works of Eric Voegelin ; _vv. 14-18 |
|
| 500 | _aOriginally published: Baton Rouge : Louisiana State University Press, 1956-1987. With new introd. | ||
| 504 | _aIncludes bibliographical references and index. | ||
| 505 | 0 | _av. 1. Israel and Revelation / edited with an introduction by Maurice P. Hogan -- v. 2. The world of the polis / edited with an introduction by Athanasios Moulakis -- v. 3. Plato and Aristotle / edited with an introduction by Dante Germino -- v. 4. The ecumenic age / edited with an introduction by Michael Franz -- v. 5. In search of order / edited with an introduction by Ellis Sandoz. | |
| 650 | 0 |
_aCivilization _xPhilosophy. _98014 |
|
| 650 | 0 |
_aOrder (Philosophy) _919097 |
|
| 700 | 1 |
_aSandoz, Ellis, _d1931- _919098 |
|
| 800 | 1 |
_aVoegelin, Eric, _d1901-1985. _tWorks. _f1989 ; _vv. 14-18. _919099 |
|
| 906 |
_a7 _bcbc _corignew _d1 _eocip _f19 _gy-gencatlg |
||
| 942 |
_2lcc _cMONOGRAPH |
||
| 999 |
_c123162 _d123162 |
||